[Event "Bavaria Donaucup 2017"]
[Site "Regensburg"]
[Date "2017.05.28"]
[Round "7.6"]
[White "Tassell, Pierre"]
[Black "Vlaar, Shannon"]
[Result "1/2-1/2"]
[WhiteElo "2049"]
[BlackElo "1835"]
[PlyCount "116"]
[EventDate "2017.??.??"]
[WhiteTeam "SC Bav Regensburg"]

1. d4 Nf6 2. c4 c5 3. d5 e6 4. Nc3 exd5 5. cxd5 d6 6. Nf3 g6 7. Bf4 Bg7 8. Qa4+
Bd7 9. Qb3 Qc7 10. e4 O-O 11. Nd2 Re8 12. Be2 a6 13. a4 Bc8 14. O-O Nbd7 15. h3
Kh8 16. Bh2 Ng8 17. Nc4 Ne5 18. Nb6 Rb8 19. a5 f5 20. f4 Nf7 21. Nxc8 Qxc8 22.
exf5 Qxf5 23. Bg4 Qd3 24. Rad1 Qe3+ 25. Kh1 Nfh6 26. Be6 Nf5 27. Rf3 Nd4 28.
Rxe3 Nxb3 29. f5 Nxa5 30. fxg6 Nc4 31. Re2 Nxb2 32. Rxb2 Bxc3 33. Rb6 Be5 34.
Bxe5+ dxe5 35. gxh7 Nh6 36. Rc1 Kxh7 37. Rxc5 Re7 38. Kg1 Kg7 39. g4 Nf7 40.
Bxf7 Kxf7 41. d6 Re6 42. Kf2 Kf6 43. h4 Rd8 44. Rd5 a5 45. Rxa5 Rexd6 46. Rab5
Rc6 47. Rxc6+ bxc6 48. Rc5 Rd6 49. Ke3 Ke6 50. h5 Kf6 51. Ke4 Rd4+ 52. Kf3 Rd3+
53. Kg2 Kg5 54. Rxe5+ Kxg4 55. Rc5 Rd2+ 56. Kf1 Rd6 57. Ke2 Rh6 58. Ke3 Rxh5
1/2-1/2

[Event "Bavaria Donaucup 2017"]
[Site "Regensburg"]
[Date "2017.05.28"]
[Round "7.7"]
[White "Klausmann, Leonard"]
[Black "Kanewski, Josef"]
[Result "0-1"]
[WhiteElo "1696"]
[BlackElo "2034"]
[PlyCount "98"]
[EventDate "2017.??.??"]
[WhiteTeam "TSV Kareth-Lappersdorf"]
[BlackTeam "SC Bav Regensburg"]

1. e4 c5 2. Nf3 Nc6 3. g3 Nf6 4. d3 d5 5. Nbd2 g6 6. Bg2 Bg7 7. O-O O-O 8. c3
dxe4 9. dxe4 b6 10. Ng5 Bg4 11. f3 Bd7 12. f4 Bg4 13. Qa4 Bd7 14. Qc2 h6 15.
Ngf3 b5 16. Nb3 c4 17. Nbd4 Qb6 18. Kh1 Nxd4 19. cxd4 Bc6 20. Ne5 Bb7 21. Be3
Rad8 22. Rad1 Nd7 23. Qf2 Qa6 24. a3 f5 25. Nxd7 Rxd7 26. e5 e6 27. Bxb7 Qxb7+
28. Qg2 Qxg2+ 29. Kxg2 Rc8 30. Rf2 Rd5 31. Kf3 Kf7 32. Rc2 Bf8 33. Ke2 Rd7 34.
b4 a5 35. Rb2 axb4 36. axb4 Ra8 37. Kd2 Ra4 38. Kc2 Ke8 39. Bf2 Kd8 40. Be1 Kc7
41. Bc3 Kc6 42. Kd2 Rda7 43. h3 Kd5 44. Re1 Ra2 45. Kc2 Rxb2+ 46. Kxb2 Ra4 47.
Kc2 Bxb4 48. Rb1 Bxc3 49. Rxb5+ Kxd4 0-1

[Event "Bavaria Donaucup 2017"]
[Site "Regensburg"]
[Date "2017.05.28"]
[Round "7.8"]
[White "Luetkemeyer, Arnd"]
[Black "Bunk, Wolfgang"]
[Result "1/2-1/2"]
[WhiteElo "1844"]
[BlackElo "1987"]
[PlyCount "124"]
[EventDate "2017.??.??"]
[WhiteTeam "MSA Zugzwang"]
[BlackTeam "SC Bav Regensburg"]

1. e4 {[%emt 0:00:00]} c5 2. c4 Nc6 3. Nc3 g6 4. g3 Bg7 5. Bg2 d6 6. Nge2 h5 7.
h3 e5 8. d3 Be6 9. Nd5 Rb8 10. Nec3 a6 11. a4 b6 12. Be3 Rb7 13. Rb1 a5 14. Rc1
Qd7 15. Nb5 Kd8 16. Bg5+ f6 17. Be3 Kc8 18. Rc2 Kb8 19. f3 Na7 20. Ndc3 Nc8 21.
b3 Qf7 22. Rf2 Rd7 23. h4 Nh6 24. Qe2 Qe8 25. Nd5 Qd8 26. Bxh6 Bxh6 27. Nbc3
Rf7 28. Qf1 Rhf8 29. Bh3 Bxh3 30. Qxh3 f5 31. Rhf1 Na7 32. g4 Nc6 33. g5 Bg7
34. Na2 Nd4 35. Nc1 Ka7 36. Qg3 Qd7 37. Qh3 Qc8 38. Nc3 Kb7 39. Nb5 Qe6 40. Nc3
Kc6 41. Nd5 Qd7 42. Nc3 Ne6 43. Nd5 Nf4 44. Qg3 Ne6 45. Qh3 Nd4 46. Nc3 Re8 47.
Nd5 Qe6 48. Nc3 Bf8 49. Kd2 Be7 50. Nd5 Bd8 51. Ke1 Ref8 52. Nc3 Kd7 53. Nb5
fxe4 54. Qxe6+ Nxe6 55. fxe4 Nf4 56. Rh1 Be7 57. Nc3 Ne6 58. Rxf7 Rxf7 59. Nd5
Bd8 60. Rf1 Rxf1+ 61. Kxf1 Nd4 62. Kf2 Ke6 1/2-1/2

[Event "Bavaria Donaucup 2017"]
[Site "Regensburg"]
[Date "2017.05.28"]
[Round "7.9"]
[White "Riedl, Maximilian"]
[Black "Fuchs, Stefan"]
[Result "1/2-1/2"]
[WhiteElo "1945"]
[BlackElo "1913"]
[PlyCount "49"]
[EventDate "2017.??.??"]
[WhiteTeam "SC Furth Waldm."]
[BlackTeam "SC Bav Regensburg"]

1. d4 d5 2. Nf3 Nf6 3. Nbd2 e6 4. e3 c5 5. c3 Nc6 6. Bd3 Bd6 7. O-O O-O 8. dxc5
Bxc5 9. e4 dxe4 10. Nxe4 Be7 11. Qc2 h6 12. Rd1 Qc7 13. Qe2 Nd5 14. Bc2 Nf4 15.
Qf1 e5 16. Bxf4 exf4 17. Nd4 Nxd4 18. Rxd4 Be6 19. Rad1 Rfd8 20. Qd3 Rxd4 21.
Qxd4 a6 22. Qd2 Rd8 23. Qc1 Rxd1+ 24. Bxd1 Qe5 25. Bf3 1/2-1/2

[Event "Bavaria Donaucup 2017"]
[Site "Regensburg"]
[Date "2017.05.28"]
[Round "7.10"]
[White "Brack, Andre"]
[Black "Burkhardt, Holger"]
[Result "0-1"]
[WhiteElo "1635"]
[BlackElo "2015"]
[PlyCount "88"]
[EventDate "2017.??.??"]
[WhiteTeam "Regensburg RT"]
[BlackTeam "SK Gießen"]

1. d4 {[%emt 0:00:00]} d6 2. Nf3 Nf6 3. Bf4 c6 4. e3 Qb6 5. Qc1 Nh5 6. Bg3 Nxg3
7. hxg3 g6 8. Bd3 Bg7 9. Nbd2 O-O 10. O-O Qc7 11. c4 c5 12. dxc5 Qxc5 13. Qc2
Nd7 14. Rab1 b6 15. Ne4 Qc7 16. Nc3 Nf6 17. Nd2 Bb7 18. Be4 Nxe4 19. Ncxe4 d5
20. Ng5 dxc4 21. Qxc4 Rac8 22. Qh4 h6 23. Ngf3 g5 24. Qa4 Bc6 25. Qa3 Qb7 26.
g4 Rfd8 27. e4 Rd7 28. Qe3 Bb5 29. Rfc1 Bd3 30. Rxc8+ Qxc8 31. Re1 e5 32. b3 f6
33. Kh2 Bf8 34. Rh1 Bc5 35. Qe1 Bb4 36. Qe3 Qc5 37. Kg3 Qxe3 38. fxe3 Ba6 39.
Nb1 Kg7 40. a3 Bc5 41. b4 Bxe3 42. Nc3 Bb7 43. Ne1 Bd2 44. Nd1 Bf4+ 0-1

[Event "Bavaria Donaucup 2017"]
[Site "Regensburg"]
[Date "2017.05.28"]
[Round "7.11"]
[White "Zeitler, Juergen"]
[Black "Dechant, Georg"]
[Result "0-1"]
[WhiteElo "1439"]
[BlackElo "1933"]
[PlyCount "38"]
[EventDate "2017.??.??"]
[WhiteTeam "DJK Amberg"]
[BlackTeam "SC Bav Regensburg"]

1. e4 {[%emt 0:00:00]} c5 {[%emt 0:00:00]} 2. Nf3 Nc6 3. d4 cxd4 4. Nxd4 Qc7 5.
Nc3 e6 6. Be3 a6 7. a3 Nf6 8. g3 Ne5 9. Be2 Be7 10. Bf4 d6 11. Bxe5 dxe5 12.
Nb3 O-O 13. Qd3 b5 14. O-O Bb7 15. Nd2 Rfd8 16. Qf3 Rxd2 17. Bd3 b4 18. Nb1
Rxc2 19. Bxc2 Qxc2 0-1

[Event "Bavaria Donaucup 2017"]
[Site "Regensburg"]
[Date "2017.05.28"]
[Round "7.12"]
[White "Glaser, Max"]
[Black "Krupke, Sven"]
[Result "1-0"]
[WhiteElo "1590"]
[BlackElo "1903"]
[PlyCount "142"]
[EventDate "2017.??.??"]
[WhiteTeam "SC Furth Waldm."]
[BlackTeam "SF Rosenheim"]

1. e4 {[%emt 0:00:00]} c5 2. Nf3 d6 3. d4 cxd4 4. Nxd4 g6 5. Be3 Bg7 6. Nc3 Nf6
7. Be2 O-O 8. O-O Nc6 9. h3 a6 10. Qd2 Bd7 11. Rad1 Rc8 12. Nb3 b5 13. a3 Re8
14. f3 Nh5 15. Bf2 Be5 16. Nd5 Be6 17. c3 Bxd5 18. Qxd5 Nf4 19. Qd2 Qd7 20. Be3
Nxe2+ 21. Qxe2 Qe6 22. Nd4 Nxd4 23. Bxd4 Bxd4+ 24. Rxd4 Qa2 25. Rd2 Rc7 26.
Rfd1 Qc4 27. Qd3 f6 28. Qd5+ Qxd5 29. Rxd5 Kf7 30. Kf2 Rec8 31. Ke3 g5 32. h4
h6 33. h5 Rb8 34. g4 Rc6 35. R1d3 Rbc8 36. Rd2 Ke6 37. Ke2 Rc5 38. Ke3 Rxd5 39.
Rxd5 Rc4 40. Rd4 Ke5 41. Rd5+ Ke6 42. Kd3 Kd7 43. Ke3 Rc5 44. Rd4 Ke6 45. Rd2
Ke5 46. Rd4 e6 47. Ke2 Rc4 48. Rd2 Rc6 49. Rd4 f5 50. gxf5 exf5 51. Rd5+ Kf4
52. Rxf5+ Kg3 53. Rf6 Kh4 54. Rxh6 g4 55. fxg4 Kxg4 56. Rh8 Kf4 57. Kd3 Kg5 58.
h6 Kg6 59. Kd4 Kf6 60. Kd5 Rc4 61. Rd8 Rc5+ 62. Kxd6 Rh5 63. Rf8+ Kg6 64. Ke6
Rh2 65. Rf6+ Kh7 66. Kd7 Rxb2 67. Rxa6 Rb3 68. e5 Rxc3 69. e6 Rd3+ 70. Rd6 Rxa3
71. e7 Ra8 1-0

[Event "Bavaria Donaucup 2017"]
[Site "Regensburg"]
[Date "2017.05.28"]
[Round "7.13"]
[White "Haselbeck, Franz"]
[Black "Blanter, Sofya"]
[Result "1/2-1/2"]
[WhiteElo "1895"]
[BlackElo "1746"]
[PlyCount "152"]
[EventDate "2017.??.??"]
[WhiteTeam "SV Deggendorf"]
[BlackTeam "SC Bav Regensburg"]

1. Nf3 {[%emt 0:00:00]} d5 2. g3 Nf6 3. Bg2 g6 4. O-O Bg7 5. d3 O-O 6. Nbd2 Re8
7. e4 dxe4 8. dxe4 e5 9. Qe2 Nc6 10. c3 Be6 11. Re1 h6 12. Nc4 Nd7 13. Bd2 Qe7
14. Ne3 Nb6 15. b3 Rad8 16. Rad1 Rd7 17. Bc1 Red8 18. Rxd7 Rxd7 19. Rd1 Qd8 20.
Rxd7 Qxd7 21. Bb2 f5 22. exf5 gxf5 23. Nd2 e4 24. Ndc4 Nxc4 25. Nxc4 b5 26. Ne3
Ne5 27. c4 bxc4 28. Bxe5 Bxe5 29. Nxc4 Bg7 30. Bf1 c5 31. Qe3 Qd4 32. Qf4 Kh7
33. Ne3 Qe5 34. Qxe5 Bxe5 35. Bc4 Bd7 36. Bd5 Kg6 37. Kf1 h5 38. h4 Kf6 39. Bc4
Bc6 40. Ba6 f4 41. gxf4 Bxf4 42. Ng2 Bh6 43. Be2 Be8 44. Ne3 a5 45. Nc4 a4 46.
bxa4 Bxa4 47. Nd6 Bc2 48. Bxh5 e3 49. fxe3 Bxe3 50. Be2 Ke6 51. Nc4 Bd4 52. Nd2
Ba4 53. Bc4+ Kf5 54. Nf3 Bf6 55. Kf2 Bc6 56. h5 Bxf3 57. Kxf3 Kg5 58. Bf7 Bc3
59. Ke4 c4 60. Kd5 Be1 61. Kxc4 Bf2 62. Bg6 Bg1 63. a4 Kh6 64. a5 Kg7 65. a6
Kh6 66. Kd5 Bf2 67. Kc6 Bg1 68. Kb7 Bf2 69. a7 Bxa7 70. Kxa7 Kg7 71. Kb7 Kh8
72. Kc7 Kg7 73. Kd7 Kh8 74. Ke8 Kg7 75. Bf7 Kh8 76. Kf8 Kh7 1/2-1/2

[Event "Bavaria Donaucup 2017"]
[Site "Regensburg"]
[Date "2017.05.28"]
[Round "7.14"]
[White "Brack, Johannes"]
[Black "Hessler, Markus"]
[Result "1-0"]
[WhiteElo "1889"]
[BlackElo "1750"]
[PlyCount "73"]
[EventDate "2017.??.??"]
[WhiteTeam "Regensburg RT"]
[BlackTeam "SF Roding"]

1. d4 {[%emt 0:00:00]} g6 2. e4 Bg7 3. c4 d6 4. Nc3 Nf6 5. Nf3 O-O 6. Bd3 Nc6
7. O-O e5 8. Bc2 Bg4 9. d5 Nd4 10. Be3 Bxf3 11. gxf3 Nh5 12. Bxd4 exd4 13. Ne2
Be5 14. f4 Nxf4 15. Nxf4 Qh4 16. Qf3 Bxf4 17. h3 Rae8 18. Rad1 Re5 19. Rfe1
Rfe8 20. Kf1 Rh5 21. Rxd4 Qg5 22. Rd3 Qe5 23. b4 Bh6 24. c5 Qb2 25. Ba4 Re7 26.
cxd6 cxd6 27. Rc3 Kg7 28. Bb3 Bd2 29. Rc2 Qd4 30. Rd1 Rxe4 31. Rdxd2 Qxb4 32.
Qc3+ Kg8 33. Qxb4 Rxb4 34. Rd3 Rhh4 35. Rf3 a5 36. Rc7 f5 37. Re3 1-0

[Event "Bavaria Donaucup 2017"]
[Site "Regensburg"]
[Date "2017.05.28"]
[Round "7.15"]
[White "Noeckler, Alexander"]
[Black "Bruell, Elias"]
[Result "1-0"]
[WhiteElo "1854"]
[BlackElo "1690"]
[PlyCount "119"]
[EventDate "2017.??.??"]
[WhiteTeam "SK Weiden"]
[BlackTeam "SC Bav. Regensburg"]

1. c4 e5 2. Nc3 Nf6 3. Nf3 Nc6 4. g3 d5 5. cxd5 Nxd5 6. Bg2 Nb6 7. O-O Be7 8.
d3 O-O 9. a3 Be6 10. b4 a5 11. b5 Nd4 12. Nd2 Nd5 13. Nxd5 Bxd5 14. a4 Bb4 15.
Bxd5 Qxd5 16. Ba3 c5 17. Nc4 Qe6 18. Bb2 f6 19. e3 Nf5 20. Qg4 Rfe8 21. Qe4 Re7
22. Rfd1 Rd8 23. Kf1 Nd6 24. Nxd6 Rxd6 25. Rac1 Red7 26. Ke2 Qd5 27. Qxd5+ Rxd5
28. Rc4 Kf7 29. f4 exf4 30. gxf4 Rh5 31. Rh1 Rh3 32. Re4 Re7 33. Rxe7+ Kxe7 34.
Bc1 Ke6 35. Kf2 g5 36. fxg5 fxg5 37. Kg2 Rh6 38. Bb2 Rg6 39. Kf3 h5 40. h3 Rg8
41. Rg1 Rf8+ 42. Ke2 Rg8 43. e4 g4 44. hxg4 hxg4 45. Ke3 c4 46. dxc4 Bc5+ 47.
Bd4 Bxd4+ 48. Kxd4 Rd8+ 49. Kc5 Rc8+ 50. Kb6 Rxc4 51. Rxg4 Rxa4 52. Kxb7 Rb4
53. b6 a4 54. Kc7 Rc4+ 55. Kb8 a3 56. b7 a2 57. Rg6+ Ke5 58. Ra6 Kxe4 59. Rxa2
Kd5 60. Ka8 1-0

[Event "Bavaria Donaucup 2017"]
[Site "Regensburg"]
[Date "2017.05.28"]
[Round "7.16"]
[White "Liess, Alexander"]
[Black "Banellis, Lukas"]
[Result "1/2-1/2"]
[WhiteElo "1811"]
[BlackElo "1588"]
[PlyCount "95"]
[EventDate "2017.??.??"]
[WhiteTeam "SC Bav Regensburg"]
[BlackTeam "SF Roding"]

1. d4 Nf6 2. Nf3 d6 3. c4 g6 4. g3 Bg7 5. Bg2 O-O 6. O-O Nfd7 7. b3 e5 8. Bb2
Nc6 9. d5 Ne7 10. Na3 e4 11. Nd4 e3 12. fxe3 Nf5 13. Nac2 Re8 14. e4 Nh6 15. b4
a5 16. a3 axb4 17. axb4 Rxa1 18. Qxa1 Ng4 19. Nb3 Bxb2 20. Qxb2 Nde5 21. Qd4
Qg5 22. h3 Qh5 23. hxg4 Nxg4 24. Rf3 Ne5 25. Rc3 Qxe2 26. Qd2 Qh5 27. Ncd4 Bh3
28. Bxh3 Qxh3 29. Qg2 Qh5 30. Qe2 Ng4 31. Nd2 f5 32. Rc2 Qh3 33. Qf3 fxe4 34.
Nxe4 Rf8 35. Qe2 Ne3 36. Rc1 Ng4 37. Ne6 Rf5 38. Qg2 Qh6 39. Re1 Ne5 40. Nd2
Qxd2 41. Qxd2 Nf3+ 42. Kg2 Nxd2 43. Rc1 Rf7 44. Rc2 Ne4 45. Ra2 h5 46. c5 dxc5
47. bxc5 Rd7 48. c6 1/2-1/2

[Event "Bavaria Donaucup 2017"]
[Site "Regensburg"]
[Date "2017.05.28"]
[Round "7.17"]
[White "Jobst, Thomas"]
[Black "Ott, Ian"]
[Result "1-0"]
[WhiteElo "1756"]
[BlackElo "1747"]
[PlyCount "89"]
[EventDate "2017.??.??"]
[WhiteTeam "vereinlos"]
[BlackTeam "SC Bav Regensburg"]

1. c4 {[%emt 0:00:00]} c5 2. Nc3 Nc6 3. g3 g6 4. Bg2 Bg7 5. e4 d6 6. Nge2 e5 7.
O-O Nge7 8. d3 O-O 9. Be3 f5 10. Qd2 Nd4 11. f4 Be6 12. fxe5 Nxe2+ 13. Qxe2
Bxe5 14. Bg5 Qd7 15. Bh6 Rf7 16. Nd5 Re8 17. Bh3 fxe4 18. Bxe6 Qxe6 19. Nc7 Qh3
20. Rxf7 Kxf7 21. Qf1+ Qxf1+ 22. Rxf1+ Nf5 23. Nxe8 Kxe8 24. Bc1 exd3 25. Rd1
Nd4 26. Kg2 Nc2 27. Kf3 Kf7 28. Ke4 Nb4 29. a3 Na2 30. Kxd3 Nxc1+ 31. Rxc1 Ke6
32. Ke4 Bxb2 33. Rb1 Bxa3 34. Rxb7 h5 35. Rxa7 Bb2 36. Kf4 Bf6 37. Ke4 g5 38.
Rh7 h4 39. g4 Be5 40. h3 Bf4 41. Rh6+ Ke7 42. Kd5 Bg3 43. Rh7+ Ke8 44. Ke6 Be5
45. Rh5 1-0

[Event "Bavaria Donaucup 2017"]
[Site "Regensburg"]
[Date "2017.05.28"]
[Round "7.18"]
[White "Warnk, Torsten"]
[Black "Oberhofer, Marie"]
[Result "1/2-1/2"]
[WhiteElo "1909"]
[BlackElo "1676"]
[PlyCount "137"]
[EventDate "2017.??.??"]
[WhiteTeam "SG Bensheim"]
[BlackTeam "SC Bav Regensburg"]

1. d4 {[%emt 0:00:00]} Nf6 2. Nf3 g6 3. c4 c5 4. e3 Bg7 5. Nc3 O-O 6. Be2 e6 7.
O-O d6 8. b3 b6 9. Bb2 Bb7 10. dxc5 dxc5 11. Qc2 Nc6 12. Rad1 Qe7 13. a3 Rfd8
14. Rxd8+ Rxd8 15. Rd1 Qc7 16. Nb5 Qb8 17. Ne1 a6 18. Nc3 Ne5 19. h3 Qc7 20.
Na4 Rxd1 21. Qxd1 Ne4 22. Qa1 f5 23. f4 Nc6 24. Bxg7 Qxg7 25. Qxg7+ Kxg7 26.
Nxb6 Nd2 27. Bd1 Na5 28. Nd3 Ndxb3 29. Nd7 Nd2 30. N7xc5 Bc8 31. Ne5 Naxc4 32.
Nxc4 Nxc4 33. Bb3 Nxa3 34. Nxe6+ Kf6 35. Nd4 Nb5 36. Nc6 Be6 37. Bd1 Nc3 38.
Bc2 Bd5 39. Na5 Be4 40. Bb3 Bd3 41. g4 h6 42. Nc6 Be4 43. Na5 fxg4 44. hxg4 Bf3
45. Bc2 Bxg4 46. e4 Ne2+ 47. Kf2 Nxf4 48. Kg3 Kg5 49. Bb3 Ne2+ 50. Kf2 Nc3 51.
e5 Ne4+ 52. Ke3 Nc5 53. Bc4 Be6 54. Bf1 Bc8 55. Kd4 Ne6+ 56. Kd5 Nf4+ 57. Kd6
Kf5 58. Nc6 Bb7 59. Ne7+ Kg4 60. Kc7 Nd5+ 61. Nxd5 Bxd5 62. Bxa6 h5 63. Kd6 Ba2
64. Bc8+ Kf4 65. Be6 Bb1 66. Bf7 Bf5 67. e6 Bxe6 68. Bxg6 Bg4 69. Bxh5 1/2-1/2

[Event "Bavaria Donaucup 2017"]
[Site "Regensburg"]
[Date "2017.05.28"]
[Round "7.20"]
[White "Winter, Reinhold"]
[Black "Ganchev, Rostislav"]
[Result "1-0"]
[WhiteElo "1567"]
[BlackElo "1261"]
[PlyCount "65"]
[EventDate "2017.??.??"]
[WhiteTeam "SF Neuenkirchen"]
[BlackTeam "SC Bav Regensburg"]

1. c4 c5 2. Nc3 Nc6 3. g3 g6 4. Bg2 Bg7 5. Nf3 Nf6 6. O-O O-O 7. e3 d6 8. d4
cxd4 9. Nxd4 Nxd4 10. exd4 Qc7 11. b3 Bf5 12. Bb2 Qd7 13. Re1 Bh3 14. Qd2 Bxg2
15. Kxg2 Rac8 16. d5 a6 17. Ne4 Nxe4 18. Rxe4 Bxb2 19. Qxb2 Rfe8 20. Rae1 Rc7
21. Qe2 b6 22. h4 b5 23. h5 bxc4 24. bxc4 a5 25. h6 Qf5 26. Qe3 Qf6 27. g4 Rb7
28. g5 Qb2 29. Re2 Qa1 30. c5 dxc5 31. Qxc5 Kf8 32. d6 Qb1 33. dxe7+ 1-0

[Event "Bavaria Donaucup 2017"]
[Site "Regensburg"]
[Date "2017.05.28"]
[Round "7.21"]
[White "Thamm, Felix"]
[Black "Bruell, Martin"]
[Result "1-0"]
[WhiteElo "1619"]
[BlackElo "1835"]
[PlyCount "75"]
[EventDate "2017.??.??"]
[WhiteTeam "Post Regensburg"]
[BlackTeam "SC Bav Regensburg"]

1. e4 c5 2. Nf3 d6 3. d4 cxd4 4. Nxd4 Nf6 5. Nc3 a6 6. Be3 e6 7. f3 Nc6 8. Qd2
Bd7 9. O-O-O b5 10. g4 h6 11. g5 hxg5 12. Bxg5 b4 13. Nce2 a5 14. Nxc6 Bxc6 15.
Nd4 Bd7 16. Nb5 Rh5 17. h4 Qb6 18. Nxd6+ Bxd6 19. Qxd6 Qxd6 20. Rxd6 Nh7 21.
Be3 g5 22. Bf2 Ke7 23. Rd2 Rh8 24. Bc5+ Ke8 25. Bd4 f6 26. Bf2 Nf8 27. Bh3 gxh4
28. Rhd1 Bb5 29. Rd6 Kf7 30. f4 Be2 31. Re1 Bb5 32. f5 e5 33. Rd5 Bc6 34. Rxa5
Nh7 35. Ra7+ Kg8 36. Rc7 Bxe4 37. Rxe4 Ng5 38. Rxb4 1-0

[Event "Bavaria Donaucup 2017"]
[Site "Regensburg"]
[Date "2017.05.28"]
[Round "7.22"]
[White "Krupke, Hardi"]
[Black "Brassat, Juergen"]
[Result "1-0"]
[WhiteElo "1602"]
[BlackElo "1662"]
[PlyCount "135"]
[EventDate "2017.??.??"]
[WhiteTeam "SG Neumünster"]
[BlackTeam "DJK Regensburg Nord"]

1. d4 {[%emt 0:00:00]} d5 2. Nf3 Nf6 3. e3 e6 4. Bd3 Be7 5. Nbd2 b6 6. e4 dxe4
7. Nxe4 Bb7 8. Nxf6+ Bxf6 9. c3 O-O 10. O-O Nd7 11. Bf4 Rc8 12. Ne5 g6 13. Re1
Nxe5 14. Bxe5 Bg7 15. Qg4 c5 16. h4 cxd4 17. Rad1 Qe7 18. Bxg7 Kxg7 19. Qxd4+
Qf6 20. Bc2 Rfd8 21. Qxf6+ Kxf6 22. Kf1 Ba6+ 23. Kg1 Ke7 24. f3 Bb7 25. Kf2 b5
26. Ke3 Bd5 27. Rd2 Rd6 28. a4 a6 29. axb5 axb5 30. Ra1 Rc7 31. Be4 Bxe4 32.
Rxd6 Kxd6 33. Kxe4 f5+ 34. Kf4 h6 35. Ra6+ Kd5 36. Rb6 Rc4+ 37. Kg3 Rc5 38. f4
h5 39. Kf3 Rc6 40. Rxb5+ Kc4 41. Rb4+ Kd5 42. Rd4+ Kc5 43. Ke3 Ra6 44. b4+ Kc6
45. c4 Ra2 46. Rd2 Ra3+ 47. Rd3 Ra2 48. g3 Rb2 49. b5+ Kc5 50. Rc3 Rb1 51. Rc2
Rb3+ 52. Kf2 Kd4 53. c5 Rxb5 54. c6 Rb8 55. c7 Rc8 56. Kf3 Kd5 57. Ke3 Kd6 58.
Kd4 Rxc7 59. Rxc7 Kxc7 60. Ke5 Kd7 61. Kf6 Kd6 62. Kxg6 Ke7 63. Kxh5 Kf7 64.
Kg5 Kg7 65. h5 Kh7 66. Kf6 Kh6 67. Kxe6 Kxh5 68. Kxf5 1-0

[Event "Bavaria Donaucup 2017"]
[Site "Regensburg"]
[Date "2017.05.28"]
[Round "7.23"]
[White "Kutschera, Reinhardt"]
[Black "Sammet, Dominik"]
[Result "1-0"]
[WhiteElo "1392"]
[BlackElo "1803"]
[PlyCount "103"]
[EventDate "2017.??.??"]
[WhiteTeam "DJK Regensburg Nord"]
[BlackTeam "SC Bav Regensburg"]

1. c4 e5 2. Nc3 Nf6 3. Nf3 Nc6 4. g3 d5 5. cxd5 Nxd5 6. Bg2 Nb6 7. O-O Be7 8.
d3 O-O 9. Be3 Be6 10. Bxb6 axb6 11. a3 f6 12. b4 Rb8 13. b5 Nd4 14. Nxd4 Qxd4
15. Qc2 Rfc8 16. Be4 c6 17. e3 Qd7 18. Rfd1 f5 19. Bf3 cxb5 20. Qb2 Bf6 21.
Rac1 Rc5 22. e4 Qd4 23. Rc2 Rbc8 24. exf5 Bxf5 25. Bxb7 R8c7 26. Qb3+ Kf8 27.
Ne2 Qd7 28. Rxc5 bxc5 29. Be4 Bxe4 30. dxe4 Qc6 31. Nc3 Rb7 32. Qd5 Qxd5 33.
Nxd5 Kf7 34. Kf1 Be7 35. Rb1 Ke6 36. Rxb5 Rxb5 37. Nc7+ Kd6 38. Nxb5+ Kc6 39.
a4 c4 40. Ke2 Kc5 41. Kd2 Kb4 42. Kc2 Bc5 43. f3 Bg1 44. h3 Bf2 45. g4 Bd4 46.
Nc7 Kxa4 47. Ne6 g6 48. Nf8 Kb4 49. Nxh7 Be3 50. Nf8 g5 51. Ng6 Bf4 52. h4 {
Rest nicht rekonstruierbar} 1-0